00490 2200193 4500001002100000005001500021035002000036245005300056100001200109250000600121300003600127260002700163082001000190084001600200020001800216650002800234990001700262990001700279INLIS00000000000018020180905030726 a0010-09180000341 aTeknik Pembelajaran Bahasa dan Sastra /cSuyatno0 aSuyatno a- avi, 154 hlm. :bilus. ;c21 cm. aSurabaya :bSIC,c2010 a371.3 a371.3 SUY t a979-9414-18-0 aMetode Belajar Mengajar a00768/P/2018 a00769/P/2018